000 01067nam a22001577a 4500
999 _c121150
_d121150
001 K121150
008 190716b ||||| |||| 00| 0 eng d
245 _aConstruction Innovation Hub
520 _aWebsite which brings together world-class expertise from the Manufacturing Technology Centre (MTC), Building Research Establishment (BRE) and the Centre for Digital Built Britain (CDBB) to transform the UK construction industry. It aims to enable a structural change programme to deliver this transformation through an evidence based and demonstrated set of activities, including a complete understanding of the marketing opportunities, a set of tools for industry to enable a step change in productivity, and fully relevant and proportionate standards.
650 _aManufacturing Technology Centre
650 _aBuiding Research Establishment
650 _aCentre for Digital Built Britain
650 _aConstruction industry
690 _96274
_aPropTech
856 _uhttps://constructioninnovationhub.org.uk/
_zView online at constructioninnovationhub.org.uk